000 01252nas a2200337 4500
001 BR2013010503
003 BR-BrBNA
005 20231205123449.0
007 ta
008 230509b bl.|||p| |||| 00| 00por d
040 _aBR-BrBNA
_bpor
_cBiblioteca Nacional de Agricultura
041 _a(Pt)
072 _aF03; F60
100 1 _aCorte, V.B.
100 1 _aBorges, E.E. de L. e
100 1 _aPontes, C.A.
100 1 _aLeite, I.T. de A.
100 1 _aVentrella, M.C.
100 1 _aMathias, A. de A.
245 1 _aMobilização de reservas durante a germinação das sementes e crescimento das plântulas de Caesalpinia peltophoroides Benth. (Leguminosae-Caesalpinoideae)
246 1 _aMobilization of the reserves during germination of seeds and growth of seedlings of Caesalpinia peltophoroides Benth. (Leguminosae-caesalpinoideae)
650 _aSEMENTE
650 _aGERMINAÇÃO
650 _aPLÂNTULA
650 _aCRESCIMENTO
650 _aLEGUMINOSAE
773 0 _tRevista Árvore (Brazil)
_xISSN 0100-6762
_g(Nov-Dec 2006), v. 30(6) p. 941-949
_wBR2013010503
856 4 _uhttp://www.scielo.br/pdf/rarv/v30n6/a09v30n6.pdf
_yRecurso eletrônico (PDF)
909 _a202311
_bLúcia
_c55
_dLúcia Elande
942 _2AGRIS
_n0
_cANA
999 _c234013
_d234013